MDQL
is popping MORE tags! Check the
thread
!
Quizzes
Events
Quiz Creation
Community
Videos
Private Events
Remove Ads
Sign In
Join for FREE
Feedback
Dark Mode
Quiz Categories
Sports
Geography
Music
Movies
Television
Just For Fun
Miscellaneous
History
Literature
Language
Science
Gaming
Entertainment
Religion
Holiday
For Kids
Quiz Lab
Recent
Popular Today
Quiz Kudos Today
Editor Picks
Curator Picks
Quizzes by...
Day
Popularity
Type
Ratings
Length
Year
Community
Subscriptions
Recent Discussions
Orange Saloon
Badges
Playlists
Quests
Create
Leaderboards
Showdown
Live 5
Trivia Bingo
Activity
Puzzle Library
Sporcle Events
Private Events
Virtual Trivia
Globe League
Become a Host
Pub Owners
SporcleCon
Opinionation
Our Games
Videos
Blog
Mobile Apps
Partnerships
Remove Ads and Go Orange
Feedback
Sports
Athletes
MLB
NBA
NHL
NFL
Soccer
Sports Teams
WWE
NCAA
Football
Premier League
Basketball
Baseball
Hockey
Golf
Tennis
Cricket
Rugby
Auto Racing
Olympics
World Cup
Sports
Athletes
MLB
NBA
NHL
NFL
Soccer
Sports Teams
WWE
NCAA
Football
Premier League
Basketball
Baseball
Hockey
Golf
Tennis
Cricket
Rugby
Auto Racing
Olympics
World Cup
Random Quiz
Search Sporcle
×
Quiz Lab
Quiz Lab
Sports
complete
Type in answers that appear in a list
Type in answers that appear in a list
Classic
Best Score? Go Orange.
Complete the Card: WrestleMania 2 Stats
Can you name the wrestlers who competed at the WrestleMania pay-per-view in 1986?
By
SporcleEXP
5m
46 Questions
451 Plays
451 Plays
451 Plays
Comments
Comments
Give Quiz Kudos
Give Quiz Kudos
-
- Ratings
hide this ad
More Info
Replay
Link that replays current quiz
Next Quiz
Link to next quiz in quiz playlist
You Got
0%
They Got
Avg Score
79%
Avg Friend Score
Upgrade to see
Score Distribution
Jump to the score distribution portion of the page
Score
0/46
Timer
05:00
1
Play Today
Match Type
Wrestler
% Correct
Match 2 -
Singles Match for the WWF Intercontinental Championship
Randy Savage
97.8%
Match 12 -
Steel Cage Match with Special Referee Robert Conrad for the WWF Championship
Hulk Hogan
97.8%
Match 7 -
20-
Man Battle Royal
William Perry
97.3%
Match 4 -
Boxing Match
Roddy Piper
96.7%
Match 12 -
Steel Cage Match with Special Referee Robert Conrad for the WWF Championship
King Kong Bundy
96.4%
Match 4 -
Boxing Match
Mr. T
96%
Match 7 -
20-
Man Battle Royal
Bret Hart
94.9%
Match 8 -
Tag Team Match for the WWF Tag Team Championship
Greg Valentine
94.4%
Match 7 -
20-
Man Battle Royal
André The Giant
93.3%
Match 11 -
Tag Team Match
Tito Santana
93%
Match 6 -
Flag Match
Nikolai Volkoff
92.9%
Match 7 -
20-
Man Battle Royal
Jim Neidhart
92.2%
Match 8 -
Tag Team Match for the WWF Tag Team Championship
Brutus Beefcake
92%
Match 9 -
Singles Match
Ricky Steamboat
92%
Match 5 -
Singles Match for the WWF Women's Championship
The Fabulous Moolah
91.3%
Match 8 -
Tag Team Match for the WWF Tag Team Championship
Davey Boy Smith
90.4%
Match 1 -
Singles Match
Paul Orndorff
88.9%
Match 2 -
Singles Match for the WWF Intercontinental Championship
George 'The Animal' Steele
88.9%
Match 8 -
Tag Team Match for the WWF Tag Team Championship
The Dynamite Kid
88.7%
Match 11 -
Tag Team Match
Junkyard Dog
88.3%
Match 1 -
Singles Match
The Magnificent Muraco
88%
Match 7 -
20-
Man Battle Royal
The Iron Sheik
86.9%
Match 3 -
Singles Match
Jake Roberts
85.6%
Match Type
Wrestler
% Correct
Match 7 -
20-
Man Battle Royal
Big John Studd
81.3%
Match 6 -
Flag Match
Corporal Kirchner
79.1%
Match 9 -
Singles Match
Hercules Hernandez
79.1%
Match 5 -
Singles Match for the WWF Women's Championship
Velvet McIntyre
78.4%
Match 11 -
Tag Team Match
Terry Funk
77.7%
Match 11 -
Tag Team Match
Hoss Funk
77.7%
Match 10 -
Singles Match
Adrian Adonis
77.1%
Match 7 -
20-
Man Battle Royal
Bruno Sammartino
75.1%
Match 7 -
20-
Man Battle Royal
Jim Brunzell
73.3%
Match 7 -
20-
Man Battle Royal
B. Brian Blair
73.1%
Match 3 -
Singles Match
George Wells
69.8%
Match 7 -
20-
Man Battle Royal
King Tonga
69.3%
Match 7 -
20-
Man Battle Royal
Hillbilly Jim
68.2%
Match 7 -
20-
Man Battle Royal
Pedro Morales
67.1%
Match 10 -
Singles Match
Uncle Elmer
66.7%
Match 7 -
20-
Man Battle Royal
Bill Fralic
61.1%
Match 7 -
20-
Man Battle Royal
Danny Spivey
56.9%
Match 7 -
20-
Man Battle Royal
Harvey Martin
56.4%
Match 7 -
20-
Man Battle Royal
Tony Atlas
55.3%
Match 7 -
20-
Man Battle Royal
Ted Arcidi
55.1%
Match 7 -
20-
Man Battle Royal
Ernie Holmes
49.8%
Match 7 -
20-
Man Battle Royal
Russ Francis
48.4%
Match 7 -
20-
Man Battle Royal
Jimbo Covert
46.9%
Quiz Playlist
Details
Report
Send in Message
Add To Playlist
More Info:
Guess only the wrestlers who competed at this event (do not guess commentators, valets, managers, etc...). This doesn't include dark matches.
Classic:
Type in answers that appear in a list
Quiz Source
Last Updated: Feb 16, 2017
Quiz Scoreboard
CHALLENGE
Sign Up to Join the Scoreboard
Show All
Scores
Hide
Comments
May contain spoilers
Recently Published
1-10 Letter E Words III
by El_Dandy
Language
2m
Street Fighter Characters
by Artimus82
Gaming
60s
College Basketball Coaching Resumes
by pancakes188
Sports
9m
More to Explore
Quiz From the Vault
Featured Blog Post
Where Did the Easter Bunny Come From?
hide this ad
You Might Also Like...
Tags
1986
Competed
complete
Matching
Pay-per-view
Wrestlemania
Wrestlers
Today's Top Quizzes in Sports
Browse Sports
hide this ad
Today's Top Quizzes in complete
Browse complete
Top Contributed Quizzes in Sports
1
2022 World Cup Stars
2
Les meilleurs buteurs des matchs entre le PSG et l’OM
3
FIFA Club World Cup Champions
4
Les entraîneurs de l'OM et du PSG au 21e siècle
5
Criteria MLB: Left Handed Sluggers
6
2023 MLB Unique Player Accomplishments
7
AFC Teams Reveal (Wrong Answers Minefield)
8
Players with Multiple 50 Home Run Seasons
9
5-to-1: FBS Animal Nicknames
10
5-to-1: UK Sports Teams
Explore More
Trending Topics
Crossword
Harry Potter
Disney
Marvel
Kpop
Anime
NBA
NFL
WWE
Pokémon
Puzzle
The Office
Song
Country
Soccer
hide this ad
More By:
SporcleEXP
Quiz
Plays
Rating
Category
Featured
Created
Harry Potter Deaths in Order Minefield
3,068,652
4.18
Literature
Jan 27, 2016
Sins, Dwarfs, and Spice Girls
847,295
4.42
Just For Fun
Apr 11, 2012
Ancient History Bunker
708,242
4.28
History
Jan 20, 2014
Movie Posters VI
679,067
4.37
Movies
Nov 12, 2010
Movie Posters VII
621,891
4.44
Movies
Apr 16, 2011
Go to Creator's Profile
Score Distribution
Quiz Creator Spotlight
SporcleEXP
Follow
Send a Message
Quizzes Created
-
Created Quiz Play Count
-
More By This Creator
Popular Quizzes Today
1
Find the US States - No Outlines Minefield
2
Find the Countries of Europe - No Outlines Minefield
3
The Countries of the World
4
Find the US States
5
Risky Map Clicking: Biggest States A-Z
6
US States
7
Popular People in 1961
8
Movies - When Are They Set?
More Sports Quizzes
1999 European Champions - Manchester United
Curator's Pick
Trending Quizzes
Risky Map Clicking: Least Populous States A-Z
1-10 Letter G Words
1-10 Letter F Words
Countries of the World: 200 Million BC
Risky Map Clicking: Next State Alphabetically
Recently Updated
Beyoncé Albums
pecheneg
Leaping Animals
pecheneg
Reality TV Shows (A-Z)
bhenderson79
Rickey Henderson's Hall of Fame Teammates
pecheneg
Champions League XIs: Arsenal
pecheneg
Quick Pick: Celebrities in WWE's Hall of Fame
aduchscher
A-Z Keypad Blitz II
pecheneg
Multiple Oscar Actors
pecheneg
Mystery Phrase Blitz: Oscar 'Best Actors'
pecheneg
F. Scott Fitzgerald Novels
LTH
Trending Topics
Anime
Disney
Crossword
Harry Potter
Kpop
NBA
Marvel
Puzzle
Pokémon
The Office
Country
WWE
NFL
Soccer
Song
Your Account Isn't Verified!
In order to create a playlist on Sporcle, you need to verify the email address you used during registration. Go to your
Sporcle Settings
to finish the process.
Report this User
Report this user for behavior that violates our
Community Guidelines
.
Details:
Send Report
Go to the Sporcle.com Mobile Site →
Comments